000 00472 a2200169 4500
003 OSt
005 20231223154107.0
008 231223b |||||||| |||| 00| 0 eng d
020 _a9788181434661
040 _coclc
082 _a700
_bBHA/C
100 _aBharadwaj, Vimal
_910216
245 _aCINEMA KAL AAJ KAL /
_cVimal Bharadwaj
260 _aNew Delhi:
_bVani Prakashan,
_c2020.
300 _a515p
942 _2ddc
_cBK
_h700
_iBHA/C
_k700
_mBHA/C
999 _c43565
_d43565